| 000 | 00510nam a22001937a 4500 | ||
|---|---|---|---|
| 003 | KOHA_MİRAKIL | ||
| 005 | 20240930101027.0 | ||
| 008 | 240929b2022 tu ||||| |||| 00| 0 tur d | ||
| 020 | _a9786254152535 | ||
| 040 |
_aTR-AnABB _btur _cTR-AnABB |
||
| 041 | _atur | ||
| 082 |
_a814.42 _bAVC 2022 |
||
| 100 | _aAvcı, Talat. | ||
| 245 | 0 |
_aMı acaba? / _cTalat Avcı. |
|
| 260 |
_aAnkara : _bKlaros Yayınları, _c2022. |
||
| 300 |
_a85 sayfa ; _c20 cm. |
||
| 650 | _aTürk edebiyatı, deneme | ||
| 942 |
_2ddc _cBK |
||
| 999 |
_c2707 _d2707 |
||